000 00372nam a2200145Ia 4500
005 20240823064556.0
008 240823s9999||||xx |||||||||||||| ||und||
082 _A384 P7
100 _a"Friedmann,Anthony"
245 0 _aWriting for Visual Media
260 _c2007
_b"Elsevier India (P) Limited,New "
500 _aYES
650 _aVisual Media
_bGeneral
942 _cNB
999 _c241049
_d241049